Lecciones aprendidas en formulación e implementación de los planes de manejo en los seis parques naturales focalizados por el proyecto Andes (Registro nro. 6579)

Detalles MARC
000 -CABECERA
Campo de control 01159nam a2200241 a 4500
005 - FECHA Y HORA DE LA ULTIMA TRANSACCION
Campo de control 20141211161502.0
008 - ELEMENTOS DE LONGITUD FIJA—INFORMACION GENERAL
Campo de control 140128b2007 ck ||||| |||| 00| 0 spa d
040 ## - FUENTE DE CATALOGACIÓN
Agencia transcriptora CO-BoIH
041 ## - IDIOMA
Código de idioma para texto/pista de sonido o título separado Español
044 ## - PAÍS DE PUBLICACIÓN
País de publicación Colombia
090 ## - CLASIFICACIÓN LOCAL
Colección IAVH
Consecutivo 00892
100 ## - ASIENTO PRINCIPAL--NOMBRE PERSONAL
Nombre personal Laverde G., Gladis Naydú
245 ## - MENCION DE TITULO
Título Lecciones aprendidas en formulación e implementación de los planes de manejo en los seis parques naturales focalizados por el proyecto Andes
260 ## - PUBLICACION, DISTRIBUCION, ETC. (PIE DE IMPRENTA)
Lugar de publicación, distribución, etc. Bogotá
Nombre del editor, distribuidor, etc. Instituto Alexander von Humboldt
Fecha de publicación, distribución, etc. 2007
300 ## - DESCRIPCION FISICA
Extensión 105 p.
520 ## - NOTA DE RESUMEN, ETC.
Nota de resumen Hace una recopilación y síntesis de los resultados obtenidos en la aplicación de las diferentes herramientas para la identificación de aprendizajes en el marco del proyecto Conservación y uso sostenible de la biodiversidad en los Andes Colombiano. La sistematización de aprendizajes es una reflexión analítica sobre el desarrollo del proyecto sus resultados, dificultades y lecciones aprendidas
650 ## - ASIENTO SECUNDARIO DE MATERIA - TERMINO TEMATICO
Término temático o nombre geográfico como elemento de entrada Planes de manejo
650 ## - ASIENTO SECUNDARIO DE MATERIA - TERMINO TEMATICO
Término temático o nombre geográfico como elemento de entrada Formulación
650 ## - ASIENTO SECUNDARIO DE MATERIA - TERMINO TEMATICO
Término temático o nombre geográfico como elemento de entrada Parques Nacionales Naturales
650 ## - ASIENTO SECUNDARIO DE MATERIA - TERMINO TEMATICO
Término temático o nombre geográfico como elemento de entrada Implementación
942 ## - ELEMENTOS ADICIONALES (KOHA)
Tipo de ítem Informe Técnico
Sistema de clasificación Local
945 ## - PROCESAMIENTO LOCAL
AAAA-MM-DD - Fecha de ingreso o modificacion 2008-09-11
Existencias
Withdrawn status Lost status Sistema de Clasificación Damaged status No para préstamo Colección Inventariado Ubicación Permanente Ubicación actual Fecha de adquisición Total Checkouts Número topográfico Inventario / Código de Barras Date last seen Ejemplar Price effective from Forma de adquisición Tipo de material
    Local     Humboldt Inventariado 2017 Bogotá Bogotá 11/09/2008   IAVH-00892 026384 09/08/2024 Ej. 1 04/12/2012   Informe Técnico